LDR 00919nam a2200241 i 4500 001 000000073521 003 CaOOAMICUS 005 20260526115750.0 008 090706s1965 it u000 u ita u 013 $a44693 040 $aSeMil$bita 100 1 $aRosmini, Antonio,$c
.$0(OLS)http://semarc/name/405 245 10$aDottrina del peccato originale /$cAntonio Rosmini. 260 $aPadova :$bCEDAM,$c1965. 300 $aLII, 251 p. ;$c25 cm. 773 0 $aRosmini, Antonio
$tOpuscoli morali.$dPadova : CEDAM, 1965.$g1$w()21633 850 $aSeMil 852 $aSeMil$W1$xVenegono$y1$m2QA A 31$j272494$B39673$CSeMilBibl$Z2$F39677 $81 900 1 $aRosmini Serbati, Antonio. 996 $6245$aDottrina del peccato originale$9(OLS)http://semarc/title/118719 996 $6260$aPadova :$bCEDAM$9(OLS)http://semarc/publisher/30274